Dictionnaire mithologique universel ou Biographie mythique des dieux et des personages fabuleux de la Grèce, de l'Italie ... / (Record no. 151984)
[ view plain ]
| 000 -LEADER | |
|---|---|
| campo de control de longitud fija | 00765nam a22001815i 4500 |
| 001 - NÚMERO DE CONTROL | |
| campo de control | 151984 |
| 003 - IDENTIFICADOR DE NÚMERO DE CONTROL | |
| campo de control | ES-MaACL |
| 005 - FECHA Y HORA DE LA ÚLTIMA TRANSACCIÓN | |
| campo de control | 20230906204458.0 |
| 008 - DATOS DE LONGITUD FIJA--INFORMACIÓN GENERAL | |
| campo de control de longitud fija | 040729s1846 fr |||| | fre d |
| 040 ## - FUENTE DE CATALOGACIÓN | |
| Centro catalogador/agencia de origen | CAM |
| Lengua de catalogación | spa |
| Centro/agencia transcriptor | CAM |
| 100 1# - ENTRADA PRINCIPAL--NOMBRE DE PERSONA | |
| Nombre de persona | Jacobi, E. |
| 9 (RLIN) | 154830 |
| 245 10 - MENCIÓN DEL TÍTULO | |
| Título | Dictionnaire mithologique universel ou Biographie mythique des dieux et des personages fabuleux de la Grèce, de l'Italie ... / |
| Mención de responsabilidad, etc. | ouvrage composé sur un plan entièrement neuf par E. Jacobi; traduit de l'allemand, refonfu et complété par Th. Bernard. |
| 260 ## - PUBLICACIÓN, DISTRIBUCIÓN, ETC. | |
| Lugar de publicación, distribución, etc. | Paris : |
| Nombre del editor, distribuidor, etc. | Librairie de Firmin Didot Frères, |
| Fecha de publicación, distribución, etc. | 1846. |
| 300 ## - DESCRIPCIÓN FÍSICA | |
| Extensión | 515 p. ; |
| Dimensiones | 18 cm. |
| 650 04 - PUNTO DE ACCESO ADICIONAL DE MATERIA--TÉRMINO DE MATERIA | |
| Término de materia o nombre geográfico como elemento de entrada | Mitología- |
| Subdivisión de forma | Diccionarios. |
| 9 (RLIN) | 15093 |
| 700 1# - ENTRADA AGREGADA--NOMBRE PERSONAL | |
| Nombre de persona | Bernard, Th. |
| 9 (RLIN) | 125947 |
| 852 ## - LOCALIZACIÓN | |
| Ubicación | ES-MaACL |
| Número de control de estantería | D-3554 |
| Nota libre | -- Enc. pasta española |
| Estatus retirado | Estado de pérdida | Estado de daño | No para préstamo | Colección | Biblioteca de origen | Biblioteca actual | Ubicación en estantería | Fecha de adquisición | Fuente de adquisición | Total de préstamos | Signatura topográfica completa | Código de barras | Visto por última vez | Precio de reemplazo | Tipo de ítem Koha |
|---|---|---|---|---|---|---|---|---|---|---|---|---|---|---|---|
| Libros del s. XIX | Biblioteca del Ateneo de Madrid | Biblioteca del Ateneo de Madrid | Sala Valle Inclán | 17/01/2008 | D-3554 | 901158643 | 23/02/2023 | 23/02/2023 | Libro impreso antiguo |
